Conociendo La Palma de Cera: (Registro nro. 8613)
[ vista simple ]
| 000 -CABECERA | |
|---|---|
| Campo de control | 00987nam a22002177a 4500 |
| 005 - FECHA Y HORA DE LA ULTIMA TRANSACCION | |
| Campo de control | 20140827091030.0 |
| 008 - ELEMENTOS DE LONGITUD FIJA—INFORMACION GENERAL | |
| Campo de control | 140820|2003 xxu||||| |||| 00| 0 ck spa d |
| 041 ## - IDIOMA | |
| Código de idioma para texto/pista de sonido o título separado | Español |
| 044 ## - PAÍS DE PUBLICACIÓN | |
| País de publicación | Colombia |
| 082 ## - NUMERO DE CLASIFICACION DECIMAL DEWEY | |
| Número de clasificación | 584 |
| Número del ítem | C82c |
| 110 ## - ASIENTO PRINCIPAL--NOMBRE CORPORATIVO | |
| Nombre corporativo o de jurisdicción como elemento de entrada | Colombia |
| Unidad subordinad | Corporación Autónoma Regional del Quindío-CRQ |
| 245 ## - MENCION DE TITULO | |
| Título | Conociendo La Palma de Cera: |
| Parte restante del título | Árbol Nacional de Colombia |
| Mención de responsabilidad | Corporación Autónoma Regional del Quindío-CRQ |
| 260 ## - PUBLICACION, DISTRIBUCION, ETC. (PIE DE IMPRENTA) | |
| Lugar de publicación, distribución, etc. | Quindío, Colombia |
| Nombre del editor, distribuidor, etc. | Corporación Autónoma Regional del Quindío-CRQ |
| -- | Corporación Autónoma Regional del Tolima-CORTOLIMA |
| -- | Corporación Autónoma Regional del Valle del Cauca-CVC |
| -- | CARDER |
| -- | CORPOCALDAS |
| -- | CORANTIOQUIA |
| Fecha de publicación, distribución, etc. | 2003 |
| 300 ## - DESCRIPCION FISICA | |
| Extensión | 31 p. |
| Otros detalles físicos | Fot., mapas. |
| Dimensiones | 28 cm. |
| 504 ## - NOTA DE BIBLIOGRAFIA, ETC. | |
| Nota de bibliografía | Incluye referencias bibliográficas (pag 30-31) |
| 650 #6 - ASIENTO SECUNDARIO DE MATERIA - TERMINO TEMATICO | |
| Término temático o nombre geográfico como elemento de entrada | Palma de cera |
| Subdivisión general | Cultivo |
| 650 #6 - ASIENTO SECUNDARIO DE MATERIA - TERMINO TEMATICO | |
| Término temático o nombre geográfico como elemento de entrada | Conservación de los recursos naturales |
| 650 #6 - ASIENTO SECUNDARIO DE MATERIA - TERMINO TEMATICO | |
| Término temático o nombre geográfico como elemento de entrada | Conservación de bosques |
| 700 ## - ASIENTO SECUNDARIO - NOMBRE PERSONAL | |
| Nombre personal | Garzón-Rivera, Patricia |
| 942 ## - ELEMENTOS ADICIONALES (KOHA) | |
| Sistema de clasificación | Dewey Decimal Classification |
| Tipo de ítem | Libro |
| Withdrawn status | Lost status | Sistema de Clasificación | Damaged status | No para préstamo | Colección | Inventariado | Ubicación Permanente | Ubicación actual | Fecha de adquisición | Fuente de Valor | Valor | Total Checkouts | Número topográfico | Inventario / Código de Barras | Date last seen | Ejemplar | Price effective from | Forma de adquisición | Tipo de material |
|---|---|---|---|---|---|---|---|---|---|---|---|---|---|---|---|---|---|---|---|
| Dewey Decimal Classification | General | Inventariado 2017 | Bogotá | Bogotá | 20/08/2014 | Instituto | 15000.00 | LB-584 C82c | 034176 | 20/08/2014 | Ej. 1 | 20/08/2014 | Libro |